The plants of Mount Kinabalu; 2 : Orchids

Bibliographic Details
Main Author: WOOD
Other Authors: Beaman
Format: Book
Published: [Richmond, Surrey, England] : Royal Botanic Gardens , 1993
Subjects:

MARC

LEADER 00000cam a2200000 7i4500
001 0000001174
005 20140117.0
020 0 0 |a 094764346X 
090 0 0 |a R584.4   |b WOO 1993 
100 1 0 |a WOOD   |h Jeffrey J. 
245 1 4 |a The plants of Mount Kinabalu; 2 : Orchids   |c Jeffrey J. Wood, Reed S. Beaman, John H. Beaman 
260 0 0 |a [Richmond, Surrey, England] : Royal Botanic Gardens ,   |c 1993 
300 |a xii, 410 p. :   |b col. ill. ;   |c 25 cm. 
500 0 0 |a Bibliography : [p. 349-352] and index 
650 0 0 |a Orchids   |z Sabah 
700 0 1 |a Beaman   |h John H. 
700 0 1 |a Beaman   |h Reed S. 
998 |a JPSM 
999 |a 0000002056   |b Monograph   |c Reference   |e Default branch